00555nam a2200181Ia 4500003000900000008004100009020002200050040001600072080001700088100002300105245009200128260007200220300001500292650001700307650001700324650001000341700002200351IN-BaIIA211028s9999 xx 000 0 eng d a978-81-89220-26-6 cIIA Library a521.842bBAL aBalachandra Rao, S 0aTransits and occultations in Indian astronomycS. Balachandra Rao and Padmaja Venugopal aBangalorebBhavan's Gandhi Centre of Science and Human Valuesc2009 axii, 118p. aAstrophysics aSolar System aVenus aVenugpal, Padmaja